Normal view
MARC view
- Rizwan ul Haq, Muhammad
Entry Personal Name
001 - CONTROL NUMBER
- control field: 17341
003 - CONTROL NUMBER IDENTIFIER
- control field: NUST
005 - DATE AND TIME OF LATEST TRANSACTION
- control field: 20190710113403.0
008 - FIXED-LENGTH DATA ELEMENTS
- fixed length control field: 190710|| aca||aabn | a|a d
040 ## - CATALOGING SOURCE
- Original cataloging agency: NUST
- Transcribing agency: NUST
100 ## - HEADING--PERSONAL NAME
- Personal name: Rizwan ul Haq, Muhammad
670 ## - SOURCE DATA FOUND
- Source citation: Work cat.: (NUST): Rizwan ul Haq, Muhammad , Numerical and Experimental Investigation of Interlaminar Shear Failure in 3D Woven Composites using Short Beam Shear Test Method /, 2014.
